000
00322nam a2200121Ia 4500
008
210430s9999 xx 000 0 und d
082
_a
549.13 P426 M
100
_a
Dexter Perkins
245
_a
Minerals In Thin Section
_c
Dexter Perkins
260
_a
India
_b
Dorling Kindersley
_c
2007
300
_a
163p
942
_c
BK
_2
ddc
999
_c
562628
_d
562628